000 01202nam0a2200361 i 4500
001 RU\NLR\bibl\1954390
005 20241105170956.0
010 _a9785904736170
_bв пер.
_93000
021 _aRU
_b2012-70893
_95219
035 _a(nilc)RSL-KNO-005497279
035 _a(NLR Aleph) 001943485
090 _a3597618
_c3597618
100 _a20120920d2012 u y0rusy50 ca
101 0 _arus
102 _aRU
105 _aa zzzz|||||
200 1 _aФлюгер
_fАрмен Ватьян
_gил. Анастасии Мазеиной
210 _aСанкт-Петербург
_cФордевинд
_d2012
215 _a[32] с.
_cцв. ил.
_d23
225 1 _aСерия Карамельки
600 1 _aМазеина
_bА.
_gАнастасия
_92119646
_3RU\NLR\auth\661583719
686 _aШ9(2)6=Р72-40
_2rubbk
686 _aЩ153(2Р=Рус)7-8Мазеина
686 _aШ9(2)60=Р7-2
700 1 _aВатьян
_bА.
_gАрмен
_4070
702 1 _aМазеина
_bА.
_gАнастасия
_4040
801 0 _aRU
_bRuMoRKP
_c20120920
_grcr
801 1 _aRU
_bРГБ
_c20120920
801 2 _aRU
_bNLR
_c20121011
_grcr
942 _cBOOK
980 _aNBR